<?xml version="1.0" encoding="UTF-8"?>
<record
    xmlns:xsi="http://www.w3.org/2001/XMLSchema-instance"
    xsi:schemaLocation="http://www.loc.gov/MARC21/slim http://www.loc.gov/standards/marcxml/schema/MARC21slim.xsd"
    xmlns="http://www.loc.gov/MARC21/slim">

  <leader>01662nam a22002177a 4500</leader>
  <controlfield tag="005">20211001114028.0</controlfield>
  <controlfield tag="008">211001b           ||||| |||| 00| 0 eng d</controlfield>
  <datafield tag="020" ind1=" " ind2=" ">
    <subfield code="a">8171679358</subfield>
  </datafield>
  <datafield tag="040" ind1=" " ind2=" ">
    <subfield code="c">AL</subfield>
  </datafield>
  <datafield tag="041" ind1=" " ind2=" ">
    <subfield code="a">eng</subfield>
  </datafield>
  <datafield tag="082" ind1=" " ind2=" ">
    <subfield code="2">23</subfield>
    <subfield code="a">355.5</subfield>
    <subfield code="b">NAYN</subfield>
  </datafield>
  <datafield tag="100" ind1=" " ind2=" ">
    <subfield code="a">K K Nayyar; Jayal B D; V K Singh; R B Suri; Afsir Karim</subfield>
    <subfield code="9">628</subfield>
  </datafield>
  <datafield tag="245" ind1=" " ind2=" ">
    <subfield code="a">National security:</subfield>
    <subfield code="b">Military Aspects</subfield>
  </datafield>
  <datafield tag="260" ind1=" " ind2=" ">
    <subfield code="a">New Delhi</subfield>
    <subfield code="b">Rupa &amp; Co</subfield>
    <subfield code="c">2003</subfield>
  </datafield>
  <datafield tag="300" ind1=" " ind2=" ">
    <subfield code="a">vi,276p.</subfield>
    <subfield code="b">HB</subfield>
    <subfield code="c">23x16cm</subfield>
  </datafield>
  <datafield tag="520" ind1=" " ind2=" ">
    <subfield code="a">This book attempts to do some serious stock taking by illuminating facets of national security that demand urgent attention. Covering topics like India's geopolitical environment, military build up, conflict scenarios, role of air power and internal security, it focuses on the flaws in the system and the need for plugging the loopholes. Written by experts on the subject, it aims to highlight threats, old and new, emanating from diverse quarters, endangering the peaceful existence of the country like never before. This book attempts to do some serious stock taking by illuminating facets of national security that demand urgent attention. Covering topics like India's geopolitical environment, military build up, conflict scenarios, role of air power and internal security, it focuses on the flaws in the system and the need for plugging the loopholes. Written by experts on the subject, it aims to highlight threats, old and new, emanating from diverse quarters, endangering the peaceful existence of the country like never before.</subfield>
  </datafield>
  <datafield tag="650" ind1=" " ind2=" ">
    <subfield code="a">Air Power</subfield>
    <subfield code="9">629</subfield>
  </datafield>
  <datafield tag="650" ind1=" " ind2=" ">
    <subfield code="a">Military</subfield>
    <subfield code="9">630</subfield>
  </datafield>
  <datafield tag="700" ind1=" " ind2=" ">
    <subfield code="a">K K Nayyar; BD Jayal; Singh VK; Suri R B; Afsir Karim</subfield>
    <subfield code="9">631</subfield>
  </datafield>
  <datafield tag="942" ind1=" " ind2=" ">
    <subfield code="2">ddc</subfield>
    <subfield code="c">GF</subfield>
  </datafield>
  <datafield tag="999" ind1=" " ind2=" ">
    <subfield code="c">216457</subfield>
    <subfield code="d">216457</subfield>
  </datafield>
  <datafield tag="952" ind1=" " ind2=" ">
    <subfield code="0">0</subfield>
    <subfield code="1">0</subfield>
    <subfield code="2">ddc</subfield>
    <subfield code="4">0</subfield>
    <subfield code="7">0</subfield>
    <subfield code="8">GEN</subfield>
    <subfield code="a">AL</subfield>
    <subfield code="b">AL</subfield>
    <subfield code="d">2013-03-24</subfield>
    <subfield code="g">0.00</subfield>
    <subfield code="l">0</subfield>
    <subfield code="o">355.5 NAYN</subfield>
    <subfield code="p">GF00498</subfield>
    <subfield code="r">2021-10-01 00:00:00</subfield>
    <subfield code="v">0.00</subfield>
    <subfield code="w">2021-10-01</subfield>
    <subfield code="y">GF</subfield>
  </datafield>
</record>
